000 00293nam a22001337a 4500
008 181006b xxu||||| |||| 00| 0 eng d
020 _a9780070626027
041 _aeng
080 _a510
100 _a37
101 _aMAT
245 _aIntermediate Algebra
_cHutchinson, D
942 _2udc
_cBK
999 _c48967
_d48967